Pred vstupom do OECD?

Organizácia pre hospodársku spoluprácu a rozvoj (Organization for Economic Cooperation and Development - OECD) a jej členovia. História OECD. Činnosť OECD. Autonómne alebo poloautonómne orgány OECD. Česká republika sa od 1.1.1996 stala 26. členom OECD. SR a jej budúce členstvo v OECD.

Guardado en:
Detalles Bibliográficos
Autor principal: Šíbl, Drahoš
Formato: Capítulo de libro
Lenguaje:eslovaco
Materias:
Etiquetas: Agregar Etiqueta
Sin Etiquetas, Sea el primero en etiquetar este registro!

MARC

LEADER 00000naa a2200000 4500
001 r021946
005 20230825100149.9
041 0 |a slo 
044 |a SK 
245 1 0 |a Pred vstupom do OECD?  |c Drahoš Šíbl 
520 |a Organizácia pre hospodársku spoluprácu a rozvoj (Organization for Economic Cooperation and Development - OECD) a jej členovia. História OECD. Činnosť OECD. Autonómne alebo poloautonómne orgány OECD. Česká republika sa od 1.1.1996 stala 26. členom OECD. SR a jej budúce členstvo v OECD. 
610 2 0 |a spolupráca hospodárska medzinárodná 
610 2 0 |a OECD 
610 2 0 |a krajiny vyspelé 
610 2 0 |a Európska únia 
610 2 0 |a história 
610 2 0 |a Česko 
610 2 0 |a Slovensko 
100 1 |a Šíbl, Drahoš